Statistics for 289 African Cities on a Map

Click here to take the quiz!

General Stats

  • This quiz has been taken 93 times
  • The average score is 96 of 289

Answers on the Map

Answers color-coded by a green-red scale on the quiz's map according to % correct below.
Loading ...
 

Answer Stats

City% Correct
Cairo
98%
Algiers
95%
Cape Town
95%
Khartoum
94%
Lagos
94%
Rabat
94%
Tunis
94%
Johannesburg
92%
Accra
91%
Alexandria
91%
Casablanca
91%
Dakar
91%
Dar es Salaam
91%
Kinshasa
91%
Luanda
91%
Nairobi
91%
Tripoli
91%
Abuja
89%
Addis Ababa
89%
Antananarivo
89%
Brazzaville
89%
Mogadishu
89%
Monrovia
89%
Windhoek
88%
Djibouti City
86%
Freetown
86%
Juba
86%
Harare
85%
Kampala
83%
Lusaka
83%
Maputo
83%
Pretoria
83%
Abidjan
82%
Bamako
82%
Durban
82%
Fez
82%
Luxor
82%
Bloemfontein
80%
Conakry
80%
Kigali
80%
Libreville
80%
Victoria
80%
Bissau
79%
Marrakesh
79%
Mombasa
79%
Niamey
79%
Ouagadougou
79%
Lilongwe
77%
N'Djamena
77%
Nouakchott
77%
Praia
77%
Yaounde
77%
Asmara
76%
Dodoma
76%
Lome
76%
Bangui
74%
Benghazi
74%
Port Elizabeth
74%
Port Louis
74%
Kano
73%
Sao Tome
73%
Timbuktu
73%
Yamoussoukro
73%
Banjul
71%
Gaborone
67%
Oran
67%
Mbabane
65%
Port Said
65%
Tangier
65%
Bujumbura
64%
Cotonou
64%
Gitega
62%
Moroni
62%
Suez
62%
Douala
61%
Malabo
61%
Port Harcourt
61%
Porto-Novo
61%
Maseru
58%
Giza
56%
Benin City
55%
Ceuta
55%
Ibadan
55%
Lubumbashi
53%
Port Sudan
53%
Sfax
53%
Kumasi
52%
East London
47%
Las Palmas
47%
Pointe-Noire
47%
Aswan
45%
Zanzibar
45%
Agadir
44%
Bo
42%
Melilla
42%
Santa Cruz de Tenerife
42%
Sousse
42%
Mbuji-Mayi
39%
Funchal
36%
Beira
35%
Hargeisa
35%
Blantyre
33%
Goma
33%
Kisangani
33%
Saint-Denis
33%
Walvis Bay
33%
Constantine
30%
Kaduna
30%
Huambo
29%
Omdurman
29%
Onitsha
29%
St. Louis
29%
Livingstone
27%
Bobo-Dioulasso
26%
Bulawayo
26%
Kananga
26%
Laayoune
26%
Arusha
24%
Gao
24%
Jos
24%
Meknes
24%
Agadez
23%
Bata
23%
Touba
23%
Benguela
21%
Mwanza
21%
Nampula
21%
Tamanrasset
21%
Xai-Xai
21%
Enugu
20%
Francistown
20%
Ilorin
20%
Nyala
20%
Annaba
18%
Bouake
18%
Dire Dawa
18%
Entebbe
18%
Gondar
18%
Kismayo
18%
Kisumu
18%
Nouadhibou
18%
Oujda
18%
Zaria
18%
Eldoret
17%
Port-Gentil
17%
Salé
17%
Tamale
17%
Berbera
15%
Garoua
15%
Kimberley
15%
Lobito
15%
Lubango
15%
Mamoudzou
15%
Mopti
15%
Nakuru
15%
Pietermaritzburg
15%
Sirte
15%
Toamasina
15%
Wau
15%
Zinder
15%
Al-Jawf
14%
Bizerte
14%
Bosaso
14%
Bukavu
14%
Gulu
14%
Kankan
14%
Kitwe
14%
Mbeya
14%
Sharm El-Sheikh
14%
Sikasso
14%
Tindouf
14%
Boma
12%
Masuku
12%
Mindelo
12%
Ndola
12%
Segou
12%
Swakopmund
12%
Victoria Falls
12%
Abu Simbel
11%
Assab
11%
Bahir Dar
11%
Batna
11%
Daloa
11%
Jinja
11%
Kayes
11%
Kenema
11%
Korhogo
11%
Lamu
11%
Mahajanga
11%
Malakal
11%
Mutare
11%
Mzuzu
11%
Sekondi-Takoradi
11%
Tanga
11%
Toliara
11%
Ziguinchor
11%
Zomba
11%
Adama
9%
Antsiranana
9%
Bafoussam
9%
Bamenda
9%
Biskra
9%
Buchanan
9%
Cape Coast
9%
Chingola
9%
El Oued
9%
Fianarantsoa
9%
Gabes
9%
Gweru
9%
Kairouan
9%
Kara
9%
Keren
9%
Koudougou
9%
Matadi
9%
Matola
9%
Maun
9%
Misratah
9%
Moundou
9%
Parakou
9%
Pemba
9%
Rundu
9%
Sarh
9%
Serrekunda
9%
Sokode
9%
Thies
9%
Abeche
8%
Al Fashir
8%
Ali Sabieh
8%
Antsirabe
8%
Bimbo
8%
Calabar
8%
Galkayo
8%
Kabwe
8%
L'Agulhas
8%
Lira
8%
Manzini
8%
Maradi
8%
Mek'ele
8%
Morogoro
8%
Mufulira
8%
Nelspruit
8%
Nzerekore
8%
Sunyani
8%
Tabora
8%
Tahoua
8%
Yambio
8%
Abomey
6%
Aksum
6%
Berberati
6%
Chimoio
6%
Dolisie
6%
Ebebiyin
6%
Epworth
6%
Gabu
6%
Kiffa
6%
Koutiala
6%
Lobamba
6%
Massawa
6%
Mazabuka
6%
Mbarara
6%
Molepolole
6%
Mthatha
6%
Nakfa
6%
Ruiru
6%
Beau Bassin-Rose Hill
5%
Chitungwiza
5%
Choma
5%
Ciudad de la Paz
5%
Gbarnga
5%
Godomey
5%
Lokoja
5%
Mansa
5%
Mutsamudu
5%
Nkayi
5%
Quatre Bornes
5%
Thohoyandou
5%
Banana
3%
Gisenyi
3%
Koboko
3%
Pikine
3%
San Antonio de Ureca
3%
Xaafuun
3%
Anse Boileau
2%
Hawassa
2%
Kahama
2%
Kalabankoro
2%
Ramciel
2%
Santo Amaro
2%
Tafariti
2%

Score Distribution

Percentile by Number Answered

Percent of People with Each Score

Your Score History

You have not taken this quiz